| 000 | 00487nam a2200169Ia 4500 | ||
|---|---|---|---|
| 003 | SGT | ||
| 020 | _a9788120318113 | ||
| 082 |
_a621.381 _bPAU |
||
| 100 | _aPaul,Biswanath | ||
| 245 | _aIndustrial electronics and control | ||
| 250 | _a1,2nd Ed. | ||
| 260 |
_bPHI Learning Private Limited _aNew Delhi _c2008 |
||
| 300 | _a542p. | ||
| 650 | _aENGINEERING ELECTRONICS | ||
| 653 | _aPOWER SUPPLIES,DIFFERENTIAL AMPLIFIERS,OPERATIONAL AMPLIFIERS,THYRISTORS,MOTOR CONTROL | ||
| 942 |
_2ddc _cBK |
||
| 999 |
_c5019 _d5019 |
||